Postacie z Kevina samego w domu - Statystyki

Ogólne statystyki
  • Ten quiz został rozwiązany 294 razy
  • Średni wynik to 2 z 9
Statystyki odpowiedzi
Obrazkowy Odpowiedź % Poprawnych
Kevin McCallister
100%
Buzz McCallister
45%
Peter McCallister
21%
Harry Lime
16%
Kate McCallister
16%
Pan Marley
15%
Frank McCallister
14%
Marv Merchants
14%
Linnie McCallister
5%
Nie znaleziono quizów pasujących do podanych kryteriów
Rozkład punktacji
Procent ludzi z każdym wynikiem
Percentyl według liczby udzielonych odpowiedzi
Twoja historia wyników
Nie rozwiązałeś tego quizu